[Event "Bazna Kings 5th"]
[Site "Medias"]
[Date "2011.06.21"]
[Round "10"]
[White "Carlsen, Magnus"]
[Black "Karjakin, Sergey"]
[Result "1/2-1/2"]
[WhiteElo "2815"]
[BlackElo "2776"]
[Annotator "Rogozenco,Dorian"]
[PlyCount "60"]
[EventDate "2011.06.11"]
[EventType "tourn"]
[EventRounds "10"]
[EventCountry "ROU"]
[EventCategory "21"]
[SourceTitle "CBM 143"]
[Source "ChessBase"]
[SourceDate "2011.07.15"]
[SourceVersion "1"]
[SourceVersionDate "2011.07.15"]
[SourceQuality "1"]

1. d4 {Sagar,Shah/CB Website Bologan,Viktor} Nf6 2. c4 e6 3. Nf3 b6 4. Nc3 Bb4 5. e3 {This transposes to the classical Rubinstein Variation.} ({Somewhat more active, but also more risky is} 5. Bg5) 5... Bb7 6. Bd3 O-O 7. O-O c5 8. Na4 {The knight goes on the rim in order to underline the exposed position of the bishop on b4 and threaten a2-a3.} ({RR} 8. a3 Bxc3 9. bxc3 Ne4 10. Nd2 f5 11. f3 Nxd2 12. Bxd2 Nc6 13. Qc2 Qf6 14. Rf2 Rac8 15. dxc5 bxc5) 8... cxd4 9. exd4 Re8 10. a3 Bf8 11. Bf4 ({RR} 11. b4 d6 12. Bb2 Nbd7 13. Re1 g6 14. Nc3 Bg7 15. Bf1 a6) 11... d6 ({RR} 11... Bxf3 12. Qxf3 Nc6 13. d5 ({RR} 13. Qh3 Nxd4 14. Be5) 13... exd5 14. cxd5 Ne5 15. Qd1 ({RR} 15. Bxe5 Rxe5 16. Nc3) 15... Nxd3 16. Qxd3 Re4 {0-1 (16) Yu,Y (2736)-Carlsen,M (2834) Doha 2015 CBM 170 [Sagar,Shah/CB Website]}) ({RR} 11... Bxf3 12. Qxf3 Nc6 13. Qh3 h6 14. Be3 d5 15. Rfd1 Rc8 16. Nc3 Ne7 17. b3 Nf5 18. Bxf5 exf5 19. Qxf5 dxc4 20. bxc4 Rxc4 21. Qd3 Rc8 22. d5 Ng4 23. Bd4 Bc5 24. Qg3 h5 25. Bxc5 Rxc5 26. d6 {Zaja,I (2421)-Culum,S (2450) Grohote CRO 2025 1-0 (69)}) 12. Re1 Nbd7 13. Rc1 e5 $146 {A strong novelty, that helps Black to equalise.} ({After} 13... g6 {White is slightly better by bringing back the knight} 14. Nc3 ({RR} 14. Nc3 Rc8 15. b4 e5 16. dxe5 Nh5 17. Be3 Bxf3 18. Qxf3 Nxe5 19. Qe2 Qh4 20. g3 Qh3 21. Nd5 Ng4 22. f3 Nxe3 23. Nxe3 Bh6 24. Qf2 Nf6)) ({RR} 13... g6 14. h3 e5 15. dxe5 dxe5 16. Nxe5 ({RR} 16. Bg5 e4) 16... Nh5 17. Bf1 ({RR} 17. Nxd7 Rxe1+ 18. Qxe1 Nxf4 19. Be4 Qxd7) 17... Nxf4 ({RR} 17... Bxg2 18. Qxd7 Qxd7 19. Nxd7 Rxe1 20. Rxe1 Bxf1 21. Nxf8 Nxf4 22. Nxg6 hxg6 23. Kxf1 Rd8) ({RR} 17... Bg7 18. Qxd7 Qxd7 19. Nxd7 Nxf4 20. g3 Bc6 21. Rxe8+ Rxe8 22. gxf4 Bxa4 23. Ne5) 18. Qxd7 Qxd7 19. Nxd7 Rxe1 20. Rxe1 Bc6 21. Nxf8 Bxa4 22. g3 Nh5 23. Nxh7 ({RR} 23. b3 Bc6) 23... Kxh7 24. Re7 ({RR} 24. Bg2 Re8) 24... Be8 ({RR} 24... Kg8 25. Bg2 Rc8 26. Bd5 Be8 27. Rxa7 Nf6 28. Ra8 Rxa8 29. Bxa8 Ba4 30. b4 Kf8 31. f3 Ke7 32. Kf2 Bb3 33. c5 bxc5 34. bxc5 Nd7 35. c6 Nb6 36. Bb7 Kd6 ({RR} 36... Nd5 37. h4 Kd6 38. g4 Ne7 39. Ke3 f6 40. Kd2 Bf7 41. a4 Nxc6 42. Bxc6 Kxc6 43. Ke3 Kd6 44. Kd4 Be8 45. a5 Bb5 46. h5 gxh5 47. gxh5 Ke6 48. f4) 37. h4) ({RR} 24... Kg7 25. Bg2 Rc8 26. Bd5 Be8 27. Rxa7 Nf6 28. Ra8 Rc7 29. Rb8 ({RR} 29. b3 Bd7 30. Bg2 Bf5) 29... Nxd5 30. cxd5 Bd7 31. Rxb6 Bxh3 32. a4 Rc5 33. b4 Rxd5) 25. Bg2 Rd8 26. Bd5 ({RR} 26. b4 a5 ({RR} 26... Nf6 27. Rxa7 Rd1+ 28. Kh2 Rd2 29. Kg1 Kg7 30. Rb7 Rc2 31. Rxb6 Rxc4 32. b5 Bd7 33. g4 g5 34. Rb7 Be6 35. b6 Nd7 36. Kh2 Rc2 37. Rc7 Rxf2 38. Kg1 Rb2 39. b7) 27. c5 axb4 28. cxb6 b3 29. b7 Nf6 30. a4 Rd1+ 31. Kh2 b2 32. b8=Q b1=Q 33. Qxb1 Rxb1 34. g4 Kg7 35. g5) 26... Kg7 27. Rxa7 Nf6 28. Ra8 {Potkin,V (2653)-Bologan,V (2671) Olginka 2011 EXT 2020 [Bologan,Viktor] 0-1 (40)}) ({RR} 13... g6 14. Nc3 e5 15. dxe5 dxe5 16. Bg5 h6 17. Bxf6 Nxf6 18. Ne4 Nxe4 19. Bxe4 Bxe4 20. Rxe4 Qc7 21. b4 Rad8 22. Qb3 f5 23. c5+ Kh7 24. Ree1 e4 25. Nh4 bxc5 26. bxc5 Qc6 27. Qf7+ Bg7 28. Qxa7 {Aharonovich,I (2299)-Kobo,O (2485) Israel 2019 0-1 (50)}) 14. dxe5 Bxf3 (14... dxe5 15. Nxe5) 15. Qxf3 Nxe5 16. Bxe5 ({After} 16. Qh3 Nxd3 17. Qxd3 Rxe1+ 18. Rxe1 d5 19. Rd1 {Black exploits the unprotected position of the knight on a4 and frees himself from the pin along the d-file with} Qe8 $1 {with complete equality.}) 16... dxe5 17. Nc3 g6 ({After} 17... Qc7 {Carlsen intended to fight for the d5-square by means of} 18. g4 $5) 18. Be4 {This brings White nowhere and soon he will even have to play carefully to keep the balance.} (18. Rcd1 {was better, although after} Qe7 {Black hardly has any problems.}) 18... Nxe4 19. Qxe4 Rc8 $1 (19... Qc8 {allows White to keep some pressure after} 20. Nd5) ({Black would like to play} 19... f5 {but then after} 20. Qd5+ Qxd5 21. Nxd5 {he would suddenly have problems with defending against forks on c7 and f6 without giving up his e5-pawn.}) 20. b4 (20. Nd5 f5 $11) 20... Qd4 $1 {Now it is White who must play accurately, since potentially his pawns are weaker and in an endgame the bishop can be stronger than the knight.} 21. Qxd4 (21. Nd5 Qxe4 22. Rxe4 f5 23. Re2 Kf7 24. f3 Rc6 25. Kf2 Rec8 26. Rxe5 Rxc4 {is the kind of position White would like to avoid.}) 21... exd4 22. Rxe8 Rxe8 23. Nd5 Re2 24. Kf1 Ra2 25. Rd1 (25. c5 {leads to unpleasant defence after} bxc5 26. bxc5 d3 27. c6 (27. Ne3 $2 Bxc5) 27... Rc2 28. Rd1 Rxc6 29. Rxd3 Rc1+ 30. Ke2 Rc2+) 25... Rxa3 26. Rxd4 Ra4 (26... Kg7 $5 {deserved attention, without fearing} 27. g4 a5 28. bxa5 bxa5 29. g5 {due to} a4 30. Nf6 Ra1+ 31. Ke2 Rg1 32. Ne8+ Kh8 {and White is in trouble.}) 27. Nf6+ Kg7 28. Ne8+ Kg8 ({Black could try to play for more with} 28... Kh8 {although after} 29. b5 ({but not} 29. Rd7 Bxb4 {threatening a1-e1, ×e8}) 29... Bc5 30. Rd7 $1 Ra1+ 31. Ke2 Ra2+ 32. Kd3 Rxf2 33. Rxa7 {White's counterplay should not be underestimated:} Kg8 (33... Rxg2 34. Rxf7 Rxh2 35. Nf6 $1 {with a sort of domination}) 34. Ra6 h5 35. Nc7 Rxg2 36. Nd5 Rxh2 37. Nxb6 h4 38. Nd7 {and Black is risking as much as White.}) 29. Nf6+ Kg7 30. Ne8+ Kg8 1/2-1/2

[Event "Norway Chess 5th"]
[Site "Stavanger"]
[Date "2017.06.15"]
[Round "8"]
[White "Carlsen, Magnus"]
[Black "Karjakin, Sergey"]
[Result "1-0"]
[WhiteElo "2832"]
[BlackElo "2781"]
[Annotator "Yermolinsky,Alex "]
[PlyCount "87"]
[EventDate "2017.06.06"]
[EventType "tourn"]
[EventRounds "9"]
[EventCountry "NOR"]
[EventCategory "22"]
[SourceTitle "CBM 179"]
[Source "ChessBase"]
[SourceDate "2017.07.12"]
[SourceVersion "1"]
[SourceVersionDate "2017.07.12"]
[SourceQuality "1"]

1. d4 Nf6 2. c4 e6 3. Nc3 Bb4 4. e3 O-O 5. Bd3 d5 6. cxd5 exd5 7. Nge2 {A modest system, but not without venom. White plans a classic Botvinnik Pawn Roller, made famous by his win over Capablanca, AVRO 1938.} Re8 8. Bd2 Bf8 {The most solid choice.} ({Unlike in similar lines of the QGD, where the white bishop goes to g5, here White's K-side seems a bit vulnerable, so} 8... Bd6 {has been tried on numerous occasions.} 9. O-O c6 10. Rc1 {Khismatullin-Anand, World Rapid 2015. Vishy chose} Ng4 $5 ({The tempting} 10... Bxh2+ {doesn't quite work here:} 11. Kxh2 Ng4+ 12. Kg3 $1 Qd6+ 13. f4 ({White can also contemplate} 13. Nf4 $5 g5 14. Rh1 f5 15. f3 $1 Nxe3 16. Bxe3 Rxe3 17. Ncxd5 $1 gxf4+ 18. Nxf4 {where he will soon get his turn to take potshots at the enemy king.}) 13... Rxe3+ 14. Bxe3 Nxe3 15. Qd2 $18) 11. h3 $2 (11. g3 {is normal}) 11... Nh2 12. Re1 Nf3+ 13. gxf3 Qg5+ 14. Kh1 {and should have won the game, but for some reason he rejected the obvious} Bxh3 ({The game went} 14... Qh4 15. Nf4 Bxh3 16. Ng2 Qxf2 17. Bf1 Re6 18. e4 Qg3 $2 19. e5 Bxg2+ 20. Bxg2 Qh4+ 21. Kg1 Qxd4+ 22. Be3 {and White eventually won})) 9. O-O b6 (9... c6 10. Rc1 a5 11. f3 b5 $5 12. Ng3 Ba6 13. Nce2 b4 14. Bxa6 Rxa6 {Jobava-Mareco, World Rapid 2016, Two of my favourite players slugging it out!}) 10. Rc1 c5 11. Nf4 ({RR} 11. Bb5 Bd7 12. Bd3 Nc6 13. f3 g6 14. Kh1 Rb8 15. Bb1 Rc8 16. Be1 Bh6 17. Bh4 Be6 18. dxc5 Bxe3 19. cxb6 axb6 20. f4 Bg4 21. Bxf6 Qxf6 22. Nxd5 Qh4 23. g3 Qd8 24. Nxe3 Qxd1 25. Nxd1 Bxe2 {Jobava,B (2669)-Karjakin,S (2774) Almaty 2016 1-0}) 11... Bb7 (11... Ba6 {appears a bit risky because of the d5-pawn coming under assault after} 12. dxc5 Bxd3 13. Nxd3 bxc5 14. Na4 c4 15. Nf4 Nc6 16. Bc3 {but, perhaps, Black can just give it away:} d4 17. exd4 Rc8 18. d5 Nb4 $44) 12. Qf3 Na6 {Dull, standard play.} ({Ivan Saric tried to uphold Black's colors (Jolly Roger?) a couple of times. One of his efforts saw} 12... Nc6 $5 13. Ncxd5 Nxd5 14. Nxd5 Ne5 15. dxe5 Qxd5 16. Qxd5 Bxd5 17. Bc3 Bxa2 {Martinovic-Saric, 2017. Black doesn't look to be worse at all.}) ({I like} 12... Bc6 $5 {There's no white knight anywhere near e5, and Black is planning to follow up c5-c4 with b6-b5!}) 13. Rfd1 cxd4 $146 {True to his newfound identity of "MInister of Defence" Sergey dutifully accepts a slightly worse position.} ({Truth be told,} 13... Nc7 $6 14. dxc5 $1 bxc5 15. Na4 Ne4 16. Ba5 Qe7 17. b4 $1 {would have been a much worse outcome.}) ({RR} 13... Nc7 14. dxc5 bxc5 15. Na4 Nd7 16. Ba5 Bc6 17. Bxc7 Qxc7 18. Nxd5 Qb7 19. Qh3 g6 20. Bc4 Bxa4 21. Qf3 Bc6 22. b4 cxb4 23. Ba6 Bxd5 24. Bxb7 Bxf3 25. Bxf3 Nc5 26. Bxa8 Rxa8 27. Rd5 Rc8 28. Rd7 {Nguyen,C (2370)-Fayard,A (2212) Paris 2014 ½-½ (46)}) 14. exd4 Nc7 15. Bc2 Bd6 16. Be3 Ne4 $1 17. Ba4 Re7 18. Bb3 Qd7 19. h3 Nxc3 20. bxc3 $5 {Magnus is desperate to unbalance the position. Actually, the resulting pawn structure is not that bad: with d4 defended White can concentrate on the d5-pawn.} (20. Rxc3 Rae8 21. Rdc1 g6 {doesn't lead White anywhere.}) 20... Bc6 21. Nh5 Re6 22. Bc2 $2 {Oh, Magnus...} ({First} 22. Re1 $1 {then c2 to keep that bishop alive!}) 22... Ba4 $1 {Being Magnus at this moment in time: no wins to his credit, no chance to contend for first place, the media demanding explanations, the chess internet swirling with rumours, the damned glasses make his head ache... He just had to do something about it.} 23. c4 $5 dxc4 24. d5 Rg6 $1 {So far Sergey is showing himself up to the task.} 25. Bd4 (25. Bxg6 fxg6 26. Ng3 Bxd1 27. Rxd1 Qf7 $17) ({Objectively best was} 25. Bxa4 Qxa4 26. Nf4 Rf6 27. Qg4) 25... Bxc2 26. Rxc2 Qa4 27. Rcc1 Qxa2 $2 {I love the concrete approach to positions, but every once in a while we should think like Petrosian.} ({The natural defensive move} 27... Ne8 $1 {would leave Carlsen staring at the dreadful possibility of a third defeat in this tournament and the loss of the Number One position in the Live Ratings list for the first time since 2011.}) 28. Nxg7 $1 Rxg7 29. Bxg7 Kxg7 30. Qg4+ Kf8 31. Qh4 Qb2 32. Rxc4 $2 {In looming time trouble Magnus lets the black king escape.} (32. Qh6+ Ke7 33. Rxc4 Qe5 34. Kf1 {White's intiative should net him more pawns, such as is the case in} Kd7 35. Qxh7 Re8 36. Qxf7+ Kd8 37. Qf3 Qh2 38. g4 {although he's hardly better here.}) 32... Ne8 $2 ({The position after the obvious} 32... Kg7 33. g3 Kh8 {favours Black}) 33. Re1 Qf6 34. Qxh7 Qg7 35. Qc2 Qf6 36. Rg4 Bc5 37. Re2 Qh6 38. g3 Nf6 39. Rh4 Qg7 40. Kg2 Qg5 $6 ({If only Sergey had another minute to calculate} 40... Nxd5 {as completely safe he would have never lost this game.} 41. Qf5 Rd8 42. Re6 a5 43. Reh6 Bd4 {etc.}) 41. Qc3 Bd6 $2 {This howler was a product of a 25 minute think.} ({Still,} 41... Qg7 $11) 42. Rh8+ Ng8 43. Re4 Qg7 44. Rxg8+ $1 (44. Rxg8+ Qxg8 45. Qf6 Bc5 46. Rg4 Qh7 47. d6 $18) 1-0

[Event "Moscow Tal Memorial 6th"]
[Site "Moscow"]
[Date "2011.11.19"]
[Round "4"]
[White "Carlsen, Magnus"]
[Black "Karjakin, Sergey"]
[Result "1/2-1/2"]
[WhiteElo "2826"]
[BlackElo "2763"]
[Annotator "RR"]
[PlyCount "134"]
[EventDate "2011.11.16"]
[EventType "tourn"]
[EventRounds "9"]
[EventCountry "RUS"]
[EventCategory "22"]
[SourceTitle "CBM 146"]
[Source "ChessBase"]
[SourceDate "2012.01.18"]
[SourceVersion "1"]
[SourceVersionDate "2012.01.18"]
[SourceQuality "1"]

1. d4 {Golod,Vitali} Nf6 2. c4 e6 3. Nf3 b6 4. Nc3 Bb4 5. Qc2 Bb7 6. a3 Bxc3+ 7. Qxc3 O-O 8. Bg5 d6 9. Nd2 Nbd7 10. f3 Rc8 11. e4 h6 12. Bh4 c5 ({RR} 12... Nxe4 13. Bxd8 Nxc3 14. Bh4 Na4 15. b3 Nc3 16. Rc1 Na2 17. Rc2) 13. Bd3 ({RR} 13. dxc5 Nxc5 ({RR} 13... Rxc5 14. Qd4 Qb8 15. Be2) 14. Qd4 e5 15. Qg1 ({RR} 15. Qf2) 15... Ne6 16. O-O-O Qe7 17. Kb1 Rc7 18. Bf2 Rfc8 19. Be3 b5) ({RR} 13. Bf2 Qe7 14. Be2 Nh5 15. g3 f5) ({RR} 13. d5 exd5 14. cxd5 ({RR} 14. Bxf6 Nxf6 15. cxd5 Re8) 14... Nxe4 15. Bxd8 Nxc3 16. bxc3 Rcxd8) 13... cxd4 ({RR} 13... Nxe4 14. Bxe4 Qxh4+ 15. g3) ({RR} 13... d5) 14. Qxd4 Nc5 ({RR} 14... Ne5 15. Be2 ({RR} 15. O-O Ng6 16. Bf2 Qe7 17. Rfe1 Rfd8 18. Bf1 Nd7 19. a4 a5) 15... Ng6 16. Bxf6 Qxf6 17. Qxf6 gxf6 18. g3 d5 19. exd5 exd5 20. Kf2 Rfd8 ({RR} 20... Ne5 21. cxd5 Bxd5 22. Rac1 Rfd8 23. Rhd1 Be6 24. Ne4) 21. Rhd1 Ne5 22. b3 ({RR} 22. cxd5) 22... dxc4 23. Nxc4 Bd5 24. Nd2 Be6) 15. Be2 e5 16. Qf2 Ne6 17. O-O g5 ({RR} 17... Nf4 18. Rfd1 Ng6 19. Bg3 Nh5 20. Nf1) 18. Bg3 Nd4 $146 ({RR} 18... Nh5 19. Rfd1 Nhf4 20. Bf1 Bc6 ({RR} 20... Nd4) 21. Rac1 Qd7 ({RR} 21... f5 22. exf5 Nd4 23. Ne4 Nxf5) 22. Qe3 ({RR} 22. Bxf4 Nxf4 23. Qe3 ({RR} 23. c5 dxc5 24. Nc4 Qc7 ({RR} 24... Qe6 25. Rd6) 25. g3 Ne6 26. Nd6 Rcd8 27. Nf5 Kh7 28. Qg2 g4 29. fxg4 Ng5)) 22... Nd4 23. Nb1 b5 ({RR} 23... f5) 24. Nc3 bxc4 25. Bxc4 Ba4 ({RR} 25... a5 26. Rxd4 exd4 27. Qxd4 Qe7) 26. Rxd4 ({RR} 26. Nxa4 Qxa4) 26... exd4 27. Qxd4 Bb3 ({RR} 27... Ne6 28. Bxe6 ({RR} 28. Qd3) 28... fxe6 29. Bxd6) 28. Bf1 ({RR} 28. Bxb3 Rxc3 29. Bxf7+ ({RR} 29. Rxc3 Ne2+) ({RR} 29. Bxf4 Rxb3 30. Bxd6 Rd8) 29... Rxf7 30. Bxf4 Rxc1+ 31. Bxc1 g4 32. f4 Qc6) 28... Qe7 ({RR} 28... f5 29. Re1) 29. Re1 ({RR} 29. Qd2 Qe5 30. Bf2) 29... Rfe8 30. Bb5 Red8 31. Nd5 Bxd5 ({RR} 31... Nxd5 32. exd5 Qb7 33. Bc6 Qb6 34. Qxb6 axb6 35. Re4 b5 36. Re3 Ba2 37. b3) ({RR} 31... Qe5 32. Qxe5 dxe5 33. Ne7+ Kg7 34. Nxc8 Rxc8) 32. exd5 Qb7 33. Bc6 {Gustafsson,J (2535)-Pelletier,Y (2531) Germany 2001 CBM 087 [Golod,Vitali] 1-0 (46)}) 19. Rfd1 Nh5 20. Bd3 Nf4 21. Qf1 Qf6 22. Bf2 Nde6 23. Bc2 Qg6 24. g3 Nh5 25. Qe2 g4 26. fxg4 Nf6 27. h3 Ng5 28. Kh2 d5 29. Be3 d4 30. Bxg5 hxg5 31. Rf1 Kg7 32. Rf5 Rh8 33. Kg2 Nd7 34. Nf3 f6 35. h4 Qh6 36. Rf1 Rh7 37. b4 Kh8 38. Rh1 gxh4 39. Rxh4 $2 (39. Nxh4 Qe3 40. Qxe3 $18) 39... Qe3 $16 40. Qxe3 dxe3 41. Bd3 Ba6 42. Rxh7+ Kxh7 43. g5 Bxc4 44. Bxc4 Rxc4 45. gxf6 e2 46. Kf2 Rxe4 47. f7 Kg7 48. Ke1 Kf8 49. Ng5 Rg4 50. Nh7+ Ke7 51. Rg5 Rxg5 52. Nxg5 a5 53. b5 Kf6 54. Ne4+ Kxf7 55. Kxe2 Ke6 56. g4 Kd5 57. Kd3 Nf8 58. g5 Ne6 59. Ke3 Kc4 60. g6 a4 61. Nd2+ Kd5 62. Nb1 Nd4 63. Kd3 Ke6 64. Nc3 Kf6 65. Ke4 Nc2 66. Nb1 Nd4 67. Nc3 Nc2 1/2-1/2

[Event "GRENKE Chess Classic"]
[Site "Karlsruhe, Germany"]
[Date "2024.03.31"]
[Round "9.2"]
[White "Carlsen, Magnus"]
[Black "Keymer, Vincent"]
[Result "1-0"]
[WhiteElo "2823"]
[BlackElo "2627"]
[Annotator "Stockfish 16"]
[PlyCount "145"]
[EventDate "2024.??.??"]

{[%evp 0,145,27,27,27,4,4,7,7,30,26,16,40,5,-4,-9,0,-2,23,7,16,10,8,7,14,17,41,21,62,50,104,19,87,11,36,23,99,92,100,95,78,78,77,78,81,69,81,70,81,71,73,74,73,61,73,61,88,71,99,80,88,85,90,81,94,99,103,97,88,94,95,87,98,95,110,82,83,79,83,79,96,66,96,73,82,63,55,55,94,37,55,53,83,38,53,34,49,17,25,14,15,30,36,41,45,42,42,22,31,33,32,44,41,153,171,167,166,161,154,151,138,142,142,142,188,188,178,188,190,186,183,197,185,185,252,221,229,205,249,205,185,254,329,316,321,237,1299,1527]} 1. d4 {ChessBase II} Nf6 2. c4 e6 3. Nc3 Bb4 4. Nf3 d6 5. g3 ({RR} 5. Qc2 Nbd7 6. g3 b6 7. Bg2 Bb7 8. O-O O-O 9. Rd1 a6 10. a3 Bxc3 11. Qxc3 b5 12. b3 bxc4 13. bxc4 Rb8 14. Be3 h6 15. Qa5 Ne4 16. c5 Ndf6 17. Rac1 Bd5 18. Qxa6 Ng4 19. Rd3 Qe7) 5... Bxc3+ 6. bxc3 b6 7. Nd2 ({RR} 7. Bg2 Bb7 8. O-O O-O 9. d5 Nbd7 10. Nd4 Ne5 11. dxe6 Bxg2 12. Kxg2 Qe8 13. exf7+ Qxf7 14. Qb3 Nxc4 15. Bf4 Rae8 16. Rad1 Re4 17. Qc2 Rfe8 18. Rfe1 Ng4 19. Nf3 Rxf4 20. Kg1 Rf6 21. Rd4 Rxf3) 7... Bb7 8. f3 e5 9. e4 O-O 10. Bd3 Nc6 11. Nb3 Ne7 12. O-O h6 $146 ({RR} 12... Nd7 13. Qc2 c5 14. d5 ({RR} 14. f4 cxd4 15. cxd4 exd4) 14... f6 15. a4 a5 16. Be3 Rf7 17. Nd2 Nf8 18. f4 Bc8 19. f5 g5 20. h4 h6 21. hxg5 hxg5 22. Kf2 Ra7 23. Rh1 Rh7 24. Nf3 Ba6 25. Nh2 Nc8 26. Ng4 Rxh1 27. Rxh1 {Chatalbashev,B (2545)-Bauer,C (2621) Vaujany 2016 EXT 2017 [ChessBase II] 1-0 (59)}) 13. Rb1 Ba6 $6 {Inaccuracy. c5 was best.} (13... c5) 14. f4 Nh7 15. f5 Kh8 16. Na1 $6 {Inaccuracy. Rb2 was best.} (16. Rb2 Ng8 17. h4 Re8 18. Rg2 c6 19. g4 Qxh4 20. g5 hxg5 21. Rh2 Qg3+ 22. Kh1 g4) 16... Ng8 17. Nc2 g5 18. Ne3 Ngf6 19. Rb2 Re8 20. Qf3 c5 21. d5 Rg8 22. h3 Kg7 23. a4 Bc8 24. Ra2 Bd7 25. Qd1 Rb8 26. Bd2 Rb7 27. Be1 Kf8 28. Rff2 Ke7 29. Rfb2 Qc7 30. g4 a6 31. Qe2 a5 32. Qf3 Qd8 33. Rh2 Qe8 34. Bc2 Qf8 35. Kf1 Kd8 36. Bd1 Kc7 37. Ke2 Rb8 38. Kd2 Qg7 39. Kc1 Rh8 40. Rh1 Rbg8 41. Rah2 Qf8 42. Kb2 Qe8 43. Ka3 Qf8 44. Bd2 Qe8 45. Bc1 Qf8 46. Nf1 Qe7 47. Ng3 Qf8 48. h4 Qg7 49. Qg2 Bc8 50. hxg5 Nxg5 51. Nh5 Nxh5 52. Rxh5 f6 53. Qh2 Nxe4 54. Bxh6 Qe7 55. Kb2 Bd7 56. Rh4 Be8 57. Bc2 Rxh6 58. Rxh6 Ng5 59. Rh8 Rxh8 60. Qxh8 e4 61. Qh2 Nf3 $6 {Inaccuracy. e3 was best.} (61... e3 62. Qf4) 62. Qf4 $6 {Inaccuracy. Qh7 was best.} (62. Qh7) 62... Ng5 63. Kb3 Bd7 64. Re1 Qf8 65. Ka3 Qh8 66. Bxe4 Qh3 67. Kb2 Qh7 68. Bc2 Qg7 69. Re6 Nf7 $6 {Inaccuracy. Qf8 was best.} (69... Qf8) 70. g5 Qxg5 71. Qxg5 fxg5 72. f6 Ne5 73. Rxe5 1-0

[Event "GRENKE Chess Classic 2024"]
[Site "Karlsruhe GER"]
[Date "2024.03.31"]
[Round "9.2"]
[White "Carlsen, M.."]
[Black "Keymer, Vincent"]
[Result "1-0"]
[WhiteElo "2830"]
[BlackElo "2738"]
[PlyCount "145"]
[EventDate "2024.03.26"]

1. d4 {ChessBase II} Nf6 2. c4 e6 3. Nc3 Bb4 4. Nf3 d6 5. g3 ({RR} 5. Qc2 Nbd7 6. g3 b6 7. Bg2 Bb7 8. O-O O-O 9. Rd1 a6 10. a3 Bxc3 11. Qxc3 b5 12. b3 bxc4 13. bxc4 Rb8 14. Be3 h6 15. Qa5 Ne4 16. c5 Ndf6 17. Rac1 Bd5 18. Qxa6 Ng4 19. Rd3 Qe7) 5... Bxc3+ 6. bxc3 b6 7. Nd2 ({RR} 7. Bg2 Bb7 8. O-O O-O 9. d5 Nbd7 10. Nd4 Ne5 11. dxe6 Bxg2 12. Kxg2 Qe8 13. exf7+ Qxf7 14. Qb3 Nxc4 15. Bf4 Rae8 16. Rad1 Re4 17. Qc2 Rfe8 18. Rfe1 Ng4 19. Nf3 Rxf4 20. Kg1 Rf6 21. Rd4 Rxf3) 7... Bb7 8. f3 e5 9. e4 O-O 10. Bd3 Nc6 11. Nb3 Ne7 12. O-O h6 $146 ({RR} 12... Nd7 13. Qc2 c5 14. d5 ({RR} 14. f4 cxd4 15. cxd4 exd4) 14... f6 15. a4 a5 16. Be3 Rf7 17. Nd2 Nf8 18. f4 Bc8 19. f5 g5 20. h4 h6 21. hxg5 hxg5 22. Kf2 Ra7 23. Rh1 Rh7 24. Nf3 Ba6 25. Nh2 Nc8 26. Ng4 Rxh1 27. Rxh1 {Chatalbashev,B (2545)-Bauer,C (2621) Vaujany 2016 EXT 2017 [ChessBase II] 1-0 (59)}) 13. Rb1 Ba6 14. f4 Nh7 15. f5 Kh8 16. Na1 Ng8 17. Nc2 g5 18. Ne3 Ngf6 19. Rb2 Re8 20. Qf3 c5 21. d5 Rg8 22. h3 Kg7 23. a4 Bc8 24. Ra2 Bd7 25. Qd1 Rb8 26. Bd2 Rb7 27. Be1 Kf8 28. Rff2 Ke7 29. Rfb2 Qc7 30. g4 a6 31. Qe2 a5 32. Qf3 Qd8 33. Rh2 Qe8 34. Bc2 Qf8 35. Kf1 Kd8 36. Bd1 Kc7 37. Ke2 Rb8 38. Kd2 Qg7 39. Kc1 Rh8 40. Rh1 Rbg8 41. Rah2 Qf8 42. Kb2 Qe8 43. Ka3 Qf8 44. Bd2 Qe8 45. Bc1 Qf8 46. Nf1 Qe7 47. Ng3 Qf8 48. h4 Qg7 49. Qg2 Bc8 50. hxg5 Nxg5 51. Nh5 Nxh5 52. Rxh5 f6 53. Qh2 Nxe4 54. Bxh6 Qe7 55. Kb2 Bd7 56. Rh4 Be8 57. Bc2 Rxh6 58. Rxh6 Ng5 59. Rh8 Rxh8 60. Qxh8 e4 61. Qh2 Nf3 62. Qf4 Ng5 63. Kb3 Bd7 64. Re1 Qf8 65. Ka3 Qh8 66. Bxe4 Qh3 67. Kb2 Qh7 68. Bc2 Qg7 69. Re6 Nf7 70. g5 Qxg5 71. Qxg5 fxg5 72. f6 Ne5 73. Rxe5 1-0

[Event "Titled Tue 8th Apr Late"]
[Site "chess.com INT"]
[Date "2025.04.08"]
[Round "9"]
[White "Carlsen, M.."]
[Black "Kozak, Adam"]
[Result "1-0"]
[WhiteElo "2837"]
[BlackElo "2598"]
[PlyCount "111"]
[EventDate "2025.04.08"]

1. d4 Nf6 2. c4 e6 3. Nc3 Bb4 4. e3 b6 5. Bd3 Bb7 6. Nf3 O-O 7. O-O Bxc3 8. bxc3 Ne4 9. Ne1 f5 10. f3 Nf6 11. Nc2 c5 12. Qe2 Nc6 13. e4 fxe4 14. fxe4 e5 15. d5 $146 ({RR} 15. Bg5 cxd4 16. cxd4 d6 17. d5 Na5 18. Ne3 Bc8 19. Rf3 a6 20. Raf1 Ra7 21. Bxf6 Rxf6 22. Rxf6 gxf6 23. Qf2 Rf7 24. Be2 Nb7 25. Bg4 Kh8 26. Be6 Rf8 27. Nf5 Nc5 28. Bxc8 Qxc8 29. Qh4 Qd8 {Neverov,V (2519)-Rjabzev,K (2294) St Petersburg 2010 1-0 (32)}) ({RR} 15. Bg5 d6 16. d5 Ne7 17. Ne3 Bc8 18. Bxf6 gxf6 19. Qh5 Bd7 20. Rf3 Kh8 21. Raf1 Ng8 22. Rg3 a6 23. Be2 Ra7 24. Bg4 b5 25. Bxd7 Rxd7 26. Nf5 b4 27. Nh4 Rg7 28. Rxg7 Kxg7 29. Rf3 Rf7 {Norri,J (2405)-Tolonen,L (2345) Finland 1998 1-0 (50)}) 15... Ne7 16. Bg5 Ng6 17. Ne3 h6 18. Bxf6 Rxf6 19. g3 d6 20. Qh5 Bc8 21. Be2 Rxf1+ 22. Rxf1 Qg5 23. Qxg5 hxg5 24. Nf5 Bxf5 25. Rxf5 Ne7 26. Rxg5 g6 27. Rg4 Kg7 28. Kg2 a6 29. Rh4 b5 30. Rh3 Rb8 31. cxb5 axb5 32. g4 g5 33. Rh5 Kf6 34. h4 Ng6 35. hxg5+ Kg7 36. Rh1 Ra8 37. Bxb5 Rxa2+ 38. Kf3 Rc2 39. c4 Rc3+ 40. Kf2 Rc2+ 41. Ke3 Ra2 42. Bd7 Ra3+ 43. Kd2 Nf4 44. Bf5 Rd3+ 45. Kc2 Rd4 46. Rh7+ Kg8 47. Rd7 Rxc4+ 48. Kb3 Rb4+ 49. Ka3 Rb6 50. Be6+ Kh8 51. Rc7 Rb8 52. Bf5 c4 53. Rxc4 Nh3 54. Rc6 Nxg5 55. Rxd6 Rb5 56. Rh6+ 1-0